000 00804cab a2200277 4500
001 ABS52722
008 090401t xxu||||| |||| 00| 0 eng d
035 _a(Sirsi) u92992
041 _aeng
100 _aBlaney, R.
245 4 _aThe economics of wind energy on farms
350 _a0
490 _aFarm Management
520 _aAssesses the potential profitability for farmers generating electricity from wind power for their own needs or to supply the National Grid.
650 _aALTERNATIVE ENERGY SOURCES
650 _aELECTRICITY GENERATION
650 _aFEASIBILITY
650 _aNFFO
650 _aVIABILITY
650 _aWIND FARMS
650 _aWIND POWER
690 _aENVIRONMENTAL AND LAND CONSULTANCY-ENERGY
700 _aBright, G.
942 _n0
948 _c04/03/1997
999 _c58934
_d58934